Affordable dwelling - layout system design - a model for optimization (Record no. 9788)

000 -LEADER
fixed length control field 00364pab a2200133 454500
008 - FIXED-LENGTH DATA ELEMENTS--GENERAL INFORMATION
fixed length control field 180718b1987 xxu||||| |||| 00| 0 eng d
100 ## - MAIN ENTRY--PERSONAL NAME
Personal name Chakrabarty, B.K.
245 ## - TITLE STATEMENT
Title Affordable dwelling - layout system design - a model for optimization
260 ## - PUBLICATION, DISTRIBUTION, ETC.
Date of publication, distribution, etc. 1987
300 ## - PHYSICAL DESCRIPTION
Extent 283-9
650 ## - SUBJECT ADDED ENTRY--TOPICAL TERM
Topical term or geographic name entry element Housing
773 ## - HOST ITEM ENTRY
Main entry heading Socio - Economic Planning Sciences
909 ## -
-- 9788
Holdings
Withdrawn status Lost status Damaged status Not for loan Permanent Location Current Location Date acquired Serial Enumeration / chronology Barcode Date last seen Price effective from Koha item type
        Indian Institute of Public Administration Indian Institute of Public Administration 2018-07-19 Volume no: 21, Issue no: 5 AR9805 2018-07-19 2018-07-19 Articles

Powered by Koha